Guerra biológica y bioterrorismo /
Guardado en:
| Autor Principal: | |
|---|---|
| Formato: | Libro |
| Publicado: |
Buenos Aires :
Siglo Xxi Editores Argentina
|
| Series: | Colección Ciencia que ladra / dirigida por Diego Golombek
|
| Materias: | |
| Etiquetas: |
Agregar Etiqueta
Sin Etiquetas, Sea el primero en etiquetar este registro!
|
| LEADER | 00865nam a22002175a 4500 | ||
|---|---|---|---|
| 001 | CEM.cems011625 | ||
| 005 | 20071115121539.0 | ||
| 008 | 130507b######################000#0#####d | ||
| 003 | CEMS | ||
| 020 | |a 9871105169 | ||
| 082 | 0 | 4 | |a 574.196 |
| 100 | 1 | |a Lema, Martín | |
| 245 | 1 | 0 | |a Guerra biológica y bioterrorismo / |c Martín Lema |
| 260 | |a Buenos Aires : |b Siglo Xxi Editores Argentina | ||
| 300 | |a 96 p. | ||
| 490 | 0 | |a Colección Ciencia que ladra / dirigida por Diego Golombek | |
| 505 | 0 | |a Biotecnología, guerra biológica y responsabilidad -- Historia -- Agentes biológicos reales y posibles -- Aspectos legales y éticos -- Investigación y desarrollo -- Reflexión -- Epílogo : Argentina -- | |
| 653 | |a Guerra biológica | ||
| 653 | |a Bioterrorismo | ||
| 653 | |a Biotecnología | ||
| 859 | |a CEMS |b BIB. CEMS - 11 de abril |h 574.196 |i L541 |p 22578.04 |t Ej.1 | ||
